2019 Essendon Bombers Guernsey Numbers - Statistics

General Stats
  • This quiz has been taken 74 times
  • The average score is 20 of 46
Answer Stats
No. Player name % Correct
1 Andrew McGrath
90%
4 Kyle Langford
90%
5 Devon Smith
88%
3 Darcy Parish
86%
9 Dylan Shiel
82%
6 Joe Daniher
82%
7 Zach Merrett
80%
2 Tom Bellchambers
76%
26 Cale Hooker
69%
18 Michael Hurley
69%
11 David Zaharakis
67%
21 Dyson Heppell
65%
25 Jake Stringer
61%
8 Martin Gleeson
61%
10 Aaron Francis
55%
13 Orazio Fantasia
53%
43 Anthony McDonald-Tipungwuti
47%
15 Jayden Laverde
45%
14 Jordan Ridley
45%
12 Mark Baguley
43%
42 Adam Saad
41%
23 David Myers
41%
17 James Stewart
41%
27 Mason Redman
39%
45 Conor McKenna
37%
29 Patrick Ambrose
37%
35 Matt Guelfi
35%
28 Mitch Brown
35%
33 Brayden Ham
33%
16 Josh Begley
33%
44 Shaun McKernan
29%
30 Brandon Zerk-Thatcher
24%
49 Matt Dea
24%
22 Irving Mosquito
18%
41 Ben McNiece
16%
19 Kobe Mutch
16%
38 Sam Draper
16%
20 Zac Clarke
16%
37 Dylan Clarke
14%
36 Michael Hartley
14%
24 Jordan Houlahan
12%
32 Noah Gown
10%
46 Thomas Jok
10%
34 Jake Long
8%
40 Luke Lavender
4%
39 Trent Mynott
4%
No matching quizzes found
Score Distribution
Percent of People with Each Score
Percentile by Number Answered
Your Score History
You have not taken this quiz